000 00807nas a2200241 4500
001 BR8801094
003 BR-BrBNA
005 20231205091042.0
007 ta
008 230509b bl.|||p| |||| 00| 00por d
040 _aBR-BrBNA
_bpor
_cBiblioteca Nacional de Agricultura
041 _a(Pt)
072 _aP01
100 1 _aVallejo, L.R.
100 1 _aGoncalves, D.R. dos P.
100 1 _aTeixeira, C.S.
245 1 _aEstacao ecologica de Pirai (RJ)- reconhecimento e proposta de organizacao espacial
246 1 _a[Ecological station of Pirai (RJ)- recognizing and purpuse of spacial organization]
650 _aPRESERVACAO DA NATUREZA
773 0 _tBoletim FBCN (Brazil)
_xISSN 0101-2495
_g(1986), v. 21 p. 140-162
_wBR8801094
909 _a202311
_bLúcia
_c55
_dLúcia Elande
942 _2AGRIS
_n0
_cANA
999 _c122427
_d122427